• 首页
  • 本馆介绍
  • 公告通知
  • 最新文献
  • 馆藏检索
  • 电子资源
  • 读者导购
  • 参考咨询
  • 我的图书馆
  • 登录
  • 详细信息显示
  • 放入我的书架
  • 预约/预借图书
  • 作者相关作品
  • 分类相关作品
  • 丛书相关作品
  • 出版社相关作品

书目信息

  • 表格格式
  • 工作单格式
  • 卡片格式
题名:
播音员主持人语言文字规范手册
    
 
作者: ;上海广播电视台 编
分册:   语音篇
出版信息: 上海   上海人民出版社  2019重印
页数: 424页
开本: 21cm
丛书名:
单 册:
中图分类: G222.2-62 , H102-62
科图分类:
主题词: 播音--bo yin--汉语规范化--手册 , 主持人--zhu chi ren--汉语规范化--手册
电子资源:
ISBN: 978-7-208-15126-0
000 01188nam0 2200277 45
001 012001003320
005 20140102163006.0
010    @a978-7-208-15126-0@dCNY48.00
099    @aCAL 012018182184
100    @a20180927d2018 em y0chiy50 ea
101 0  @achi
102    @aCN@b310000
105    @ak z 001yy
106    @ar
200 1  @a播音员主持人语言文字规范手册@Abo yin yuan zhu chi ren yu yan wen zi gui fan shou ce@i语音篇@f上海广播电视台播音主持业务指导委员会编
210    @a上海@c上海人民出版社@d2019重印
215    @a424页@d21cm
300    @a国家语委“十三五”科研规划2016年度重点项目“广播电视领域贯彻落实语言文字规范标准情况调查研究”
330    @a本书内容是从播音主持日常工作常见的误读字词中收集、整理、辑选的,并按照国家语言文字工作委员会、国家教委、广播电视部1985年12月颁布的关于《普通话异读词审音表》的通知要求,按《审音表》进行编纂、检查、定稿。
606 0  @a播音@Abo yin@x汉语规范化@j手册
606 0  @a主持人@Azhu chi ren@x汉语规范化@j手册
690    @aG222.2-62@v5
690    @aH102-62@v5
711 02 @a上海广播电视台@Ashang hai guang bo dian shi tai@b播音主持业务指导委员会@4编
801    @b江苏凤凰@c20191020
905    @b1235747-50@dG222.2-62@e249@f4
    
    播音员主持人语言文字规范手册.语音篇/上海广播电视台播音主持业务指导委员会编.-上海:上海人民出版社,2019重印
    424页;21cm
    国家语委“十三五”科研规划2016年度重点项目“广播电视领域贯彻落实语言文字规范标准情况调查研究”
    
    ISBN 978-7-208-15126-0:CNY48.00
    本书内容是从播音主持日常工作常见的误读字词中收集、整理、辑选的,并按照国家语言文字工作委员会、国家教委、广播电视部1985年12月颁布的关于《普通话异读词审音表》的通知要求,按《审音表》进行编纂、检查、定稿。
●
相关链接 在E读中查询图书 在五车中查询图书 在当当中查询图书 在豆瓣中查询图书


正题名:播音员主持人语言文字规范手册     索取号:G222.2-62/249         预约/预借

序号 登录号 条形码 馆藏地/架位号 状态 备注
1 1235747   212357475   第一样本阅览室/ [索取号:G222.2-62/249] 在馆    
2 1235748   212357484   教育系资料室/ [索取号:G222.2-62/249] 在馆    
3 1235749   212357493   教育系资料室/ [索取号:G222.2-62/249] 在馆    
4 1235750   212357509   第四借阅区/ [索取号:G222.2-62/249] 在馆    
唐山师范学院图书馆 欢迎您!
大连网信软件有限公司© 版权所有